000 00382nam a2200181Ia 4500
008 210210b xxu||||| |||| 00| 0 eng d
041 _aeng
082 _a878/22
100 _aVASUDEVAN MOOSAD (K)
245 _aMahakavi kalidasa Ed 2
260 _a
_b-
_c
650 _aMahakavi
650 _akalidasa
650 _aEd
650 _a2
690 _aMalayalam
906 _a002710
999 _c124680
_d124680